000 01331cam a22003975a 4500
001 17211113
003 OSt
005 20140310182238.0
008 120315s1994 nyu j 000 1 eng d
010 _a 2011514118
020 _a0553570056
020 _a0767/6004504
035 _a(OCoLC)ocm30987213
040 _aOCO
_cOCO
_dSLC
_dBTCTA
_dVOV
_dMPL
_dDLC
042 _alccopycat
050 _aPZ 7
_b.W716e 1996
082 _aFIC
_bW67sv 1996
100 1 _aWilliam, Kate.
_918781
245 1 0 _aElizabeth's secret diary :
_cwritten by Kate William ; created by Francine Pascal.
_bvolume II /
260 _aNew York :
_bBantam Books,
_cc1994.
300 _a323 p. ;
_c18 cm.
440 _aSweet Valley high
500 _a"Francine Pascal's Sweet Valley high"--Cover.
520 _aEveryone thinks Elizabeth Wakefield is Miss perfect, but only her diary knows the truth.
650 0 _aDiaries
_vFiction.
_918796
650 0 _aTwins
_vFiction.
_918797
700 1 _aPascal, Francine.
_93767
710 2 _aCopyright Paperback Collection (Library of Congress)
_5DLC
_9705
740 0 _aFrancine Pascal's Sweet Valley high.
830 0 _aSweet Valley high.
906 _a0
_bibc
_ccopycat
_d2
_encip
_f20
_gy-genrareb
942 _2lcc
_cBK-FIC
999 _c11071
_d11071